| 000 | 00719nam a22001695i 4500 | ||
|---|---|---|---|
| 001 | 171561 | ||
| 003 | ES-MaACL | ||
| 005 | 20230906214649.0 | ||
| 008 | 090520s1944 sp |||| | spa d | ||
| 080 | _a92(462.22 B.) | ||
| 100 | 1 |
_aSolar y Taboada, Antonio del. _9137565 |
|
| 245 | 1 | 0 |
_aSeñores de antaño _b: notas sobre algunos de los que pasaron por Extremadura / _cque tomaron Antonio del Solar y Taboada y José de Rújula y de Ochotorena, marqués de Ciadoncha. |
| 260 |
_aBadajoz : _b[s.n.], _c1944 ( _fTip. Viuda de Antonio Arqueros) |
||
| 300 |
_aX, 7-112 p., 16 lám. ; _c27 cm. |
||
| 700 | 1 |
_aRújula y de Ochotorena, José de _c, Marqués de Ciadoncha. _9100970 |
|
| 852 |
_aES-MaACL _j1660-F-16 _9R.22339 |
||
| 999 |
_c171561 _d171561 |
||